LEADER 01083nam0 22002891i 450 001 UON00191722 005 20231205103217.712 010 $a07-01-12115-7 100 $a20030730d1976 |0itac50 ba 101 $aeng 102 $aGB 105 $a|||| 1|||| 200 1 $aˆThe ‰Brownie of Bodsbeck$fby James Hogg$gedited by Douglas S. Mack 210 $aEdinburgh and London$cScottish Academic Press$d1976 215 $aXXVII, 212 p.$d22 cm. 620 $aGB$dEdinburgh$3UONL003034 620 $aGB$dLondon$3UONL003044 676 $a828.99$cLetteratura in lingua inglese$v21 700 1$aHOGG$bJames$3UONV113025$0212025 702 1$aMACK$bDouglas S.$3UONV171421 712 $aScottish Academic Press$3UONV273592$4650 801 $aIT$bSOL$c20240220$gRICA 899 $aSIBA - SISTEMA BIBLIOTECARIO DI ATENEO$2UONSI 912 $aUON00191722 950 $aSIBA - SISTEMA BIBLIOTECARIO DI ATENEO$dSI Angl IV A HOG 01 $eSI LO 1148 5 01 996 $aBrownie of Bodsbeck$91293978 997 $aUNIOR